000 00591nam a2200217Ia 4500
005 20241129111143.0
008 241129s9999||||xx |||||||||||||| ||und||
020 _a978-93-90702-31-2
037 _aTB
040 _aCRL
_beng
_cCRL
041 _aeng
_2eng
084 _aY15.2'C R3
_qCRL
100 _aPareek Divya Au.
_9723488
245 0 _aWomen in ancient India
_cPareek Divya Au.
260 _aJaipur, India
_bGalaxy Book Company
_c2023
300 _a359p.
365 _aINR
_b1995
650 _aSociologyFeminism
942 _cTB
_hY15.2'C R3
999 _c1229167
_d1229167